Statistiques concernant Culture Générale - Série 1033

Cliquez ici pour prendre le quiz!

Statistiques générales

  • Ce quiz a été pris 81 fois
  • Le résultat moyen est 6 sur 10

Statistiques - réponses

QuestionRéponse% Correct
De quelle mythologie Isis et Osiris sont-ils des dieux ?Égyptienne
92%
Quel était le prénom de Maupassant, l'auteur de "Bel-Ami" ?Guy
92%
Quel département français a le même nom que le résultat d'une addition ?Somme
92%
Quelle héroïne de dessin animé est une abeille "Petite oui mais espiègle..." ?Maya
87%
Quel mot désigne l'ensemble des pieux enfoncés dans le sol pour soutenir un bâtiment construit sur l'eau ?pilotis
79%
Si la cervicalgie atteint la région cervicale, quelle pathologie touche la région lombaire ?lombalgie
76%
Dans quel musée parisien peut-on admirer, "L'Arlésienne", de Vincent Van Gogh ?musée d'Orsay
57%
Quel était le premier prénom de Colette, auteur du "Blé en Herbe" ?Sidonie
24%
De quelle zone du corps humain souffre un adolescent affecté par la pathologie d'Osgood-Schlatter ?genou
20%
et quel était son deuxième prénom ?Gabrielle
8%

Distribution des résultats

Percentile par nombre de réponses

% des personnes avec chaque résultat

Votre développement - résultats

Vous n’avez pas pris ce quiz